Overcrowded, under-utilised or just right? (Record no. 107890)

MARC details
000 -LEADER
fixed length control field 00717cam a22001935a 4500
001 - CONTROL NUMBER
control field L142481
008 - FIXED-LENGTH DATA ELEMENTS--GENERAL INFORMATION
fixed length control field 080215s2001 xxk f 000 0 eng d
020 ## - INTERNATIONAL STANDARD BOOK NUMBER
International Standard Book Number 184219061X
035 ## - SYSTEM CONTROL NUMBER
System control number (Sirsi) u142481
041 0# - LANGUAGE CODE
Language code of text/sound track or separate title eng
100 1# - MAIN ENTRY--PERSONAL NAME
Personal name Wist, Mark
245 00 - TITLE STATEMENT
Title Overcrowded, under-utilised or just right?
Remainder of title office space, how much is enough?
260 ## - PUBLICATION, DISTRIBUTION, ETC.
Place of publication, distribution, etc. London
Name of publisher, distributor, etc. RICS Foundation
Date of publication, distribution, etc. 2001
300 ## - PHYSICAL DESCRIPTION
Extent 35p.
Other physical details ill.
Dimensions 30cm.
520 ## - SUMMARY, ETC.
Summary, etc. Presents the results of the third in a series of surveys carried out by Gerald Eve on office space utilisation and the establishment of benchmarks in office occupational density.
651 #4 - SUBJECT ADDED ENTRY--GEOGRAPHIC NAME
Geographic name United Kingdom
Chronological subdivision
690 ## - LOCAL SUBJECT ADDED ENTRY--TOPICAL TERM (OCLC, RLIN)
Topical term or geographic name as entry element PROPERTY-COMMERCIAL PROPERTY-OFFICE PROPERTY
942 ## - ADDED ENTRY ELEMENTS (KOHA)
Suppress in OPAC 0
Holdings
Withdrawn status Lost status Source of classification or shelving scheme Damaged status Not for loan Home library Current library Shelving location Date acquired Total Checkouts Full call number Barcode Date last seen Copy number Price effective from Koha item type
    Dewey Decimal Classification     London London RICS Boxes 15/02/2008   RICS 2001/70 30072627 06/08/2019 1 06/08/2019 Archive